A-Z Disney World Dining Quiz Stats

 Plays Quiz not verified by Sporcle

Challenge
Share
Tweet
Embed
Score 0/22 Timer 10:00
0 Plays Today
Letter Restaurant % Correct
O'Ohana
69.5%
BBeaches and Cream
66.3%
CCrystal Palace
65.9%
VVictoria and Albert's
60.2%
JJiko
54.1%
AArtist's Point
52.3%
EElectric Umbrella
51.3%
LLe Cellier
47%
WThe Wave
45.9%
GGarden Grill
44.1%
HHollywood Brown Derby
43.4%
Letter Restaurant % Correct
TTusker House
41.2%
FFlying Fish Cafe
35.8%
RRainforest Cafe
34.1%
YYachtsman Steakhouse
33.3%
KKouzzina
28.7%
SSan Angel Inn
25.1%
NNine Dragons
24.7%
PPlaza Restaurant
20.4%
IIl Mulino
15.1%
MMama Melrose's Ristorante Italiano
9.7%
DDolphin Fountain
2.5%

You're not logged in!

Compare scores with friends on all Sporcle quizzes.
OR
Log In

You Might Also Like...

Show Comments

Extras

Top Quizzes Today


Score Distribution

Your Account Isn't Verified!

In order to create a playlist on Sporcle, you need to verify the email address you used during registration. Go to your Sporcle Settings to finish the process.

Report this User

Report this user for behavior that violates our Community Guidelines.

Details: